书目信息 |
| 题名: |
数字媒体后期制作教程
|
|
| 作者: | 陆平 主编 | |
| 分册: | ||
| 出版信息: | 北京 人民邮电出版社 2016.8 |
|
| 页数: | 325页 | |
| 开本: | 26cm | |
| 丛书名: | ||
| 单 册: | ||
| 中图分类: | TN94 , TP391.413 | |
| 科图分类: | ||
| 主题词: | 视频编辑软件--高等教育--教材 , 图象处理软件--高等教育--教材 | |
| 电子资源: | ||
| ISBN: | 978-7-115-42415-0 | |
| 000 | 01240nam0 2200301 450 | |
| 001 | 0400002769 | |
| 005 | 20171026085149.10 | |
| 010 | @a978-7-115-42415-0@dCNY52.00 | |
| 100 | @a20171021e20172016em y0chiy ea | |
| 101 | 0 | @achi |
| 102 | @aCN@b110000 | |
| 105 | @aa z 000yy | |
| 106 | @ar | |
| 200 | 1 | @a数字媒体后期制作教程@9shu zi mei ti hou qi zhi zuo jiao cheng@ePremiere+After Effects@f陆平主编 |
| 205 | @a第2版 | |
| 210 | @a北京@c人民邮电出版社@d2016.8@h2017.7 | |
| 215 | @a325页@c图@d26cm | |
| 300 | @a21世纪高等教育数字艺术类规划教材 | |
| 330 | @a本书主要介绍数字媒体后期的编辑与合成,全书分4部分,共14章,分别介绍Premiere Pro CC 2014和After Effects CC 2014的使用方法,包括Premiere基本操作,编辑技巧及编辑方法,视频过渡、视频特效及运动特效的使用,字幕制作,音频的编辑和控制,After Effects基本操作,创建关键帧动画,文字特效、抠像特效及其他特效的使用和制作等,并通过实例介绍了两种软件的综合应用。 | |
| 517 | 1 | @aPremiere+After Effects |
| 606 | 0 | @a视频编辑软件@x高等教育@j教材 |
| 606 | 0 | @a图象处理软件@x高等教育@j教材 |
| 610 | 0 | @aPremiere@aAfter Effects |
| 690 | @aTN94@v5 | |
| 690 | @aTP391.413@v5 | |
| 701 | 0 | @a陆平@9lu ping@4主编 |
| 801 | 0 | @aCN@b91MARC@c20171021 |
| 905 | @b1032675-9@dTN94@f5@e257=2 | |
| 数字媒体后期制作教程:Premiere+After Effects/陆平主编.-第2版.-北京:人民邮电出版社,2016.8(2017.7) |
| 325页:图;26cm |
| 21世纪高等教育数字艺术类规划教材 |
| ISBN 978-7-115-42415-0:CNY52.00 |
| 本书主要介绍数字媒体后期的编辑与合成,全书分4部分,共14章,分别介绍Premiere Pro CC 2014和After Effects CC 2014的使用方法,包括Premiere基本操作,编辑技巧及编辑方法,视频过渡、视频特效及运动特效的使用,字幕制作,音频的编辑和控制,After Effects基本操作,创建关键帧动画,文字特效、抠像特效及其他特效的使用和制作等,并通过实例介绍了两种软件的综合应用。 |
| ● |
| 相关链接 |
|
|
|
|
正题名:数字媒体后期制作教程
索取号:TN94/257=2
 
预约/预借
| 序号 | 登录号 | 条形码 | 馆藏地/架位号 | 状态 | 备注 |
| 1 | 1032675 | 210326752 | 第二样本阅览室/ [索取号:TN94/257=2] | 在馆 | |
| 2 | 1032676 | 210326761 | 密集书库-物理学院/ [索取号:TN94/257=2] | 在馆 | |
| 3 | 1032677 | 210326770 | 第三借阅区/ [索取号:TN94/257=2] | 在馆 | |
| 4 | 1032678 | 210326789 | 第三借阅区/ [索取号:TN94/257=2] | 在馆 | |
| 5 | 1032679 | 210326798 | 第三借阅区/ [索取号:TN94/257=2] | 在馆 |